[Event "Heart of Finland op 15th"]
[Site "Jyvaskyla"]
[Date "2005.07.??"]
[Round "7"]
[White "Koskinen, Henri"]
[Black "Lugovoi, Aleksei"]
[Result "1/2-1/2"]
[WhiteElo "2296"]
[BlackElo "2556"]
[PlyCount "100"]
[EventDate "2005.07.18"]
[EventType "swiss"]
[EventRounds "10"]
[EventCountry "FIN"]
[SourceTitle "EXT 2022"]
[Source "ChessBase"]
[SourceDate "2021.10.06"]
[SourceVersion "1"]
[SourceVersionDate "2021.10.06"]
[SourceQuality "1"]

1. d4 d5 2. c4 e6 3. Nf3 c5 4. cxd5 exd5 5. Nc3 Nc6 6. g3 Nf6 7. Bg2 Be7 8. 0-0 0-0 9. Bg5 cxd4 10. Nxd4 h6 11. Be3 Re8 12. Rc1 Bf8 13. Nxc6 bxc6 14. Na4 Bd7 15. Bc5 Bxc5 16. Nxc5 Bg4 17. Re1 Qa5 18. h3 Bf5 19. Qa4 Qd2 20. Qf4 Qxf4 21. gxf4 Rab8 22. b3 g5 23. fxg5 hxg5 24. Rc3 Kg7 25. Kf1 Rb4 26. Rec1 Rh4 27. Nb7 Bd7 28. Nc5 Bc8 29. Nd3 Bxh3 30. Bxh3 Rxh3 31. Rxc6 Rh1+ 32. Kg2 Rh4 33. e3 d4 34. R1c5 Rg4+ 35. Kf3 Rg1 36. Rf5 Nh5 37. Rc7 dxe3 38. Rfxf7+ Kg6 39. Rfe7 Rxe7 40. Rxe7 exf2 41. Kxf2 Rg3 42. Ne1 Rc3 43. Rxa7 g4 44. Ra4 g3+ 45. Kg2 Kf5 46. Rc4 Nf4+ 47. Kf1 Rxc4 48. bxc4 Ke4 49. Ng2 Nxg2 50. Kxg2 Kd4 1/2-1/2

[Event "Heart of Finland op 15th"]
[Site "Jyvaskyla"]
[Date "2005.07.??"]
[Round "3"]
[White "Lugovoi, Aleksei"]
[Black "Boricsev, Oleg"]
[Result "1-0"]
[WhiteElo "2556"]
[BlackElo "2373"]
[PlyCount "83"]
[EventDate "2005.07.18"]
[EventType "swiss"]
[EventRounds "10"]
[EventCountry "FIN"]
[SourceTitle "EXT 2022"]
[Source "ChessBase"]
[SourceDate "2021.10.06"]
[SourceVersion "1"]
[SourceVersionDate "2021.10.06"]
[SourceQuality "1"]

1. d4 d5 2. c4 e6 3. Nc3 c5 4. cxd5 exd5 5. Nf3 Nc6 6. g3 Nf6 7. Bg2 Be7 8. 0-0 0-0 9. dxc5 Bxc5 10. a3 Be7 11. b4 Be6 12. Bb2 Ne4 13. b5 Na5 14. Nxe4 dxe4 15. Nd4 Qd5 16. Qc2 Nb3 17. Qxb3 Qxb3 18. Nxb3 Bxb3 19. Bxe4 Bc4 20. a4 Rad8 21. Bxb7 Rd2 22. Bc3 Rxe2 23. Rfe1 Bc5 24. Rxe2 Bxe2 25. Bd2 Rd8 26. Rc1 Ba3 27. Rc8 Rxc8 28. Bxc8 Bc5 29. Bh3 Kf8 30. Bf1 Bf3 31. Bc4 Ke7 32. Kf1 f6 33. Be2 Bd5 34. Bd3 h6 35. Ke2 Ke6 36. a5 f5 37. h4 h5 38. Be3 Bxe3 39. Kxe3 g6 40. Kd4 Bb7 41. Bc4+ Kd6 42. Bf7 1-0

[Event "Heart of Finland op 15th"]
[Site "Jyvaskyla"]
[Date "2005.07.??"]
[Round "1"]
[White "Lugovoi, Aleksei"]
[Black "Honkanen, Marko"]
[Result "1-0"]
[WhiteElo "2556"]
[BlackElo "2057"]
[PlyCount "43"]
[EventDate "2005.07.18"]
[EventType "swiss"]
[EventRounds "10"]
[EventCountry "FIN"]
[SourceTitle "EXT 2022"]
[Source "ChessBase"]
[SourceDate "2021.10.06"]
[SourceVersion "1"]
[SourceVersionDate "2021.10.06"]
[SourceQuality "1"]

1. c4 e6 2. Nc3 d5 3. d4 Nf6 4. Nf3 Be7 5. Bg5 h6 6. Bh4 0-0 7. e3 b6 8. Bd3 Bb7 9. 0-0 Nbd7 10. Bg3 a6 11. cxd5 Nxd5 12. e4 Nxc3 13. bxc3 c5 14. Qe2 Re8 15. Rfd1 Qc8 16. a4 Bf8 17. Rab1 Qc6 18. Qa2 Kh8 19. d5 exd5 20. exd5 Qxd5 21. Bc4 Qf5 22. Nh4 1-0